Top 10 des pays les plus accueillants - Statistiques

Statistiques générales
  • Ce quiz a été pris 711 fois
  • Le résultat moyen est 4 sur 10
Statistiques - réponses
Classement Pays % Correct
3ème Canada
76%
2ème Portugal
58%
4ème Australie
57%
6ème Grèce
36%
5ème Irlande
36%
7ème Argentine
35%
8ème Thailande
34%
1er Cambodge
16%
9ème Fidji
6%
10ème Malawi
1%
Aucun quiz correspondant
Distribution des résultats
% des personnes avec chaque résultat
Percentile par nombre de réponses
Votre historique - résultats
Vous n’avez pas pris ce quiz